Billboard #1 Hits of 2008 - Statistics

General Stats
  • This quiz has been taken 40 times
  • The average score is 10 of 14
Answer Stats
Hint Extra Hint Explanation Answer % Correct
Viva la Vida 28 June (1 wk.) Listen on YouTube Coldplay
97%
I Kissed a Girl 5 July (7 wks.) Listen on YouTube Katy Perry
97%
Single Ladies (Put a Ring on It) 13 December (1 wk.)
27 December (3 wks.)
Listen on YouTube Beyoncé
92%
Low 5 January (10 wks.) Listen on YouTube Flo Rida featuring T-Pain
81%
Bleeding Love 5 April (1 wk.)
26 April (1 wk.)
10 May (2 wks.)
Listen on YouTube Leona Lewis
81%
So What 27 September (1 wk.) Listen on YouTube P!nk
81%
Womanizer 25 October (1 wk.) Listen on YouTube Britney Spears
78%
Disturbia 23 August (2 wks.) Listen on YouTube Rihanna
72%
Take a Bow 24 May (1 wk.) Listen on YouTube Rihanna
67%
Lollipop 3 May (1 wk.)
31 May (4 wks.)
Listen on YouTube Lil Wayne featuring Static Major
61%
Love in This Club 15 March (3 wks.) Listen on YouTube Usher featuring Young Jeezy
58%
Touch My Body 12 April (2 wks.) Listen on YouTube Mariah Carey
56%
Whatever You Like 6 September (3 wks.)
4 October (2 wks.)
1 November (2 wks.)
Listen on YouTube T.I.
47%
Live Your Life 18 October (1 wk.)
15 November (4 wks.)
20 December (1 wk.)
Listen on YouTube T.I. featuring Rihanna
39%
No matching quizzes found
Score Distribution
Percent of People with Each Score
Percentile by Number Answered
Your Score History
You have not taken this quiz